000 00801cam a2200277Ia 4500
001 39789
005 20230410103754.0
008 980827s1960 sp 001 0 spa d
035 _a(OCoLC)ocm39754353
040 _aPBR
_cPBR
_dEL$
_dOCL
035 _a(OCoLC)39754353
041 1 _aspa
_hger
043 _ae-it---
050 1 4 _a324 DG 209
_bN125r 1960
082 0 0 _a937
049 _aGRAL
100 1 _aNack, Emil.
240 1 0 _aRom.
_lSpanish
245 1 0 _aRoma :
_bel país y el pueblo de los antiguos romanos /
_cEmil Nack, Wilhelm Wagner ; traducción del alemán por Juan Godo Costa.
260 _aBarcelona :
_bLabor,
_c[1960?]
300 _a627 p. :
_bill. ;
_c21 cm.
651 0 _aRome
_xHistory.
700 1 _aWagner, Wilhelm,
_d1800-1886.
942 _2lcc
_cbk
994 _aC0
_bDRFGD
999 _c25510
_d25510